BIBLIOTECA

SENCICO

Decoración comercial : (Registro nro. 2585)

Detalles MARC
000 -LEADER
fixed length control field 00770nam a2200241Ia 4500
003 - CONTROL NUMBER IDENTIFIER
control field PE SENCICO BE
005 - DATE AND TIME OF LATEST TRANSACTION
control field 20251020182547.0
008 - FIXED-LENGTH DATA ELEMENTS--GENERAL INFORMATION
fixed length control field 200515s9999 xx 000 0 und d
020 ## - INTERNATIONAL STANDARD BOOK NUMBER
International Standard Book Number 84-8185-156-6
040 ## - CATALOGING SOURCE
Original cataloging agency PE SENCICO BE
Transcribing agency PE SENCICO BE
041 ## - LANGUAGE CODE
Language code of text/sound track or separate title spa
082 ## - DEWEY DECIMAL CLASSIFICATION NUMBER
Classification number 747.852
Item number A81
100 1# - MAIN ENTRY--PERSONAL NAME
Personal name Asensio Cerver, Francisco
9 (RLIN) 878
Relator term autor
245 10 - TITLE STATEMENT
Title Decoración comercial :
Remainder of title grandes superficies /
Statement of responsibility, etc. Francisco Asensio Cerver
250 ## - EDITION STATEMENT
Edition statement [1a ed.]
260 ## - PUBLICATION, DISTRIBUTION, ETC.
Place of publication, distribution, etc. Barcelona :
Name of publisher, distributor, etc. Atrium Internacional,
Date of publication, distribution, etc. 1998
300 ## - PHYSICAL DESCRIPTION
Extent 117 p. :
Other physical details il. col. lams.,
Dimensions 30 cm.
490 ## - SERIES STATEMENT
Series statement Enciclopedias Atrium para profesionales
650 14 - SUBJECT ADDED ENTRY--TOPICAL TERM
Topical term or geographic name entry element Decoración comercial
9 (RLIN) 879
650 24 - SUBJECT ADDED ENTRY--TOPICAL TERM
Topical term or geographic name entry element Centros comerciales
9 (RLIN) 880
650 24 - SUBJECT ADDED ENTRY--TOPICAL TERM
Topical term or geographic name entry element Galerías de arte
9 (RLIN) 881
942 ## - ADDED ENTRY ELEMENTS (KOHA)
Koha item type Libros
Source of classification or shelving scheme Dewey Decimal Classification
Existencias
Fecha de la última vez que lo usaron Número de ingreso o de inventario Pago total Signatura topográfica completa Código de barras Precio efectivo desde Tipo de documento Estado perdido Sistema de clasificación Estado dañado No es para préstamo Retirado Ubicación permanente Ubicación actual Fecha de adquisición
15/05/2020 10157   747.852/A81 Bib-Lima15052585 15/05/2020 Libros   Dewey Decimal Classification       Biblioteca Central Lima Biblioteca Central Lima 15/05/2020
11/04/2023 16599   747.852/A81/ej. 2   11/04/2023 Libros   Dewey Decimal Classification       Biblioteca Central Lima Biblioteca Central Lima 11/04/2023